00566nam a22001697a 450000500170000001000150001702000260003203500140005803700130007208200080008510000160009324501090010926000590021827000750027730000210035270000230037320220603143749.0 aENG-132992 a9789354498886c499.00 aEN-116524 bDBAD/PUB a485 aSood, Geeta aComprehensive Grammar & Composition:bUpper Middle & Secondary School/cGeeta Sood and Anima Chakraverty aNoidabPearson India Education Services Pvt. Ltdc2022 aworld Trade Tower, 15th Floor, Plot no. C-01, Sector-16bNoidae201301 a512p.c25cm(pbk) aChakraverty, Anima